Central Library OPAC University of Rajshahi

বিশ্ববিদ্যালয় অধ্যাদেশ' ৭৩ শিক্ষকদের ভাবনা / (Record no. 55076)

MARC details
000 -LEADER
fixed length control field 00904nam a2200229 a 4500
001 - CONTROL NUMBER
control field 55076
003 - CONTROL NUMBER IDENTIFIER
rucl marc code BD-RjUL
005 - DATE AND TIME OF LATEST TRANSACTION
control field 20211209080218.0
008 - FIXED-LENGTH DATA ELEMENTS--GENERAL INFORMATION
fixed length control field 161114s1990 bg ||||| |||| 00| 0 ben d
020 ## - INTERNATIONAL STANDARD BOOK NUMBER
Terms of availability : TK 40.00
035 ## - SYSTEM CONTROL NUMBER
System control number (BD-RjUL)55198
040 ## - CATALOGING SOURCE
Original cataloging agency BD-RjUL
Language of cataloging ben
Transcribing agency BD-RjUL
041 ## - LANGUAGE CODE
Language code of text/sound track or separate title ben
082 ## - DEWEY DECIMAL CLASSIFICATION NUMBER
Edition number 23
Classification number 378.1
Author mark and year FAB 1990
100 ## - MAIN ENTRY--PERSONAL NAME
Personal name ফজল, তারেক বিন
9 (RLIN) 164187
245 10 - TITLE STATEMENT
Title বিশ্ববিদ্যালয় অধ্যাদেশ' ৭৩ শিক্ষকদের ভাবনা /
Statement of responsibility, etc. তারেক বিন ফজল
260 ## - PUBLICATION, DISTRIBUTION, ETC. (IMPRINT)
Place of publication, distribution, etc. ঢাকা :
Name of publisher, distributor, etc. মুস্তাফিজুর রহমান,
Date of publication, distribution, etc. ১৯৯০
300 ## - PHYSICAL DESCRIPTION
Pagination ৯৫ পৃ. ;
Size ২১ সেমি .
650 ## - SUBJECT ADDED ENTRY--TOPICAL TERM
Topical term or geographic name as entry element উচ্চ শিক্ষার প্রতিষ্ঠান
9 (RLIN) 164188
Topical term or geographic name as entry element Organization in higher education
9 (RLIN) 164189
942 ## - ADDED ENTRY ELEMENTS (KOHA)
Source of classification or shelving scheme Dewey Decimal Classification
Koha item type Books
Holdings
Lost status Source of classification or shelving scheme Damaged status Not for loan Collection code Permanent Location Current Location Shelving location Date acquired Source of acquisition Cost, normal purchase price Total Checkouts Full call number Date last seen Date checked out Copy number Koha item type
  Dewey Decimal Classification     Non-fiction Central Library, University of Rajshahi Central Library, University of Rajshahi   31/10/1994 RUCL 35.00 1 B 378.1 FAB 1990 01/04/2019 28/03/2019 C-2 Books
  Dewey Decimal Classification   Not For Loan Non-fiction Central Library, University of Rajshahi Central Library, University of Rajshahi Reading Room 31/01/1994 Rajshahi University 35.00   B 378.1 FAB 1990 26/12/2016   C-1 Books